Apache spark 2.x machine learning cookbook: over 100 recipes to simplify machine learning model implementations with spark. (Record no. 196523)

MARC details
000 -LEADER
fixed length control field 01042nam a2200265Ia 4500
003 - CONTROL NUMBER IDENTIFIER
control field OSt
005 - DATE AND TIME OF LATEST TRANSACTION
control field 20251127143029.0
008 - FIXED-LENGTH DATA ELEMENTS--GENERAL INFORMATION
fixed length control field 210716s2017 xx 000 0 und d
020 ## - INTERNATIONAL STANDARD BOOK NUMBER
International Standard Book Number 9781783551606
040 ## - CATALOGING SOURCE
Transcribing agency AIMIT LIBRARY
041 ## - LANGUAGE CODE
Language code of text/sound track or separate title eng
082 ## - DEWEY DECIMAL CLASSIFICATION NUMBER
Classification number 006.31
Edition number 1
Item number AMIS
100 ## - MAIN ENTRY--PERSONAL NAME
Personal name Amirghodsi, Siamak.
9 (RLIN) 246999
245 ## - TITLE STATEMENT
Title Apache spark 2.x machine learning cookbook: over 100 recipes to simplify machine learning model implementations with spark.
Remainder of title Over 100 recipes to simplify machine learning model implementations with spark.
250 ## - EDITION STATEMENT
Edition statement 1
260 ## - PUBLICATION, DISTRIBUTION, ETC.
Place of publication, distribution, etc. Mumbai
Name of publisher, distributor, etc. Packt Publishing Ltd
Date of publication, distribution, etc. 2017
300 ## - PHYSICAL DESCRIPTION
Extent 637P. ;
Other physical details PB
Dimensions 24 cm
650 ## - SUBJECT ADDED ENTRY--TOPICAL TERM
Topical term or geographic name entry element Just enough linear algebra for machine learning with spark
9 (RLIN) 247000
650 ## - SUBJECT ADDED ENTRY--TOPICAL TERM
Topical term or geographic name entry element Common recipes for implementing a robust machinelearning system
9 (RLIN) 247001
650 ## - SUBJECT ADDED ENTRY--TOPICAL TERM
Topical term or geographic name entry element Spark streaming and machine learning library
9 (RLIN) 247002
700 ## - ADDED ENTRY--PERSONAL NAME
Personal name Rajendran, Meenakshi.
9 (RLIN) 247003
700 ## - ADDED ENTRY--PERSONAL NAME
Personal name Hall, Broderick.
9 (RLIN) 247004
700 ## - ADDED ENTRY--PERSONAL NAME
Personal name Mei, Shuen.
9 (RLIN) 247005
942 ## - ADDED ENTRY ELEMENTS (KOHA)
Source of classification or shelving scheme Dewey Decimal Classification
Koha item type Book
Edition 1st
Call number prefix 006.31 AMIS
Holdings
Withdrawn status Lost status Source of classification or shelving scheme Damaged status Not for loan Collection code Home library Current library Source of acquisition Cost, normal purchase price Inventory number Total Checkouts Full call number Barcode Date last seen Cost, replacement price Price effective from Koha item type
    Dewey Decimal Classification     MCA St Aloysius Institute of Management & Information Technology St Aloysius Institute of Management & Information Technology Knowledge World 1599.00 Bill no:602; Bill dt:2019-01-24   006.31 AMIS MCA16038 05/23/2026 1199.25 07/16/2021 Book